Catálogo público

Cobertura de la educación superior en México : (Record no. 96696)

MARC details
000 -CABECERA
campo de control de longitud fija 01158nam a22003497a 4500
003 - IDENTIFICADOR DEL NÚMERO DE CONTROL
campo de control CHAP
005 - FECHA Y HORA DE LA ÚLTIMA TRANSACCIÓN
campo de control 20240506113835.0
008 - DATOS DE LONGITUD FIJA--INFORMACIÓN GENERAL
campo de control de longitud fija 090904s2009 mx r 00010 spa d
010 ## - NÚMERO DE CONTROL DE LA BIBLIOTECA DEL CONGRESO
Número de control de LC 96696
011 ## - ENLACE DEL NUMERO DE CONTROL DE LA BIBLIOTECA DEL CONGRESO [OBSOLETO]
Número de control de LC 97668
020 ## - NÚMERO INTERNACIONAL ESTÁNDAR DEL LIBRO
Número Internacional Estándar del Libro 9786074510041
035 ## - NÚMERO DE CONTROL DEL SISTEMA
Número de control de sistema 108338
040 ## - FUENTE DE LA CATALOGACIÓN
Centro/agencia transcriptor CHAP
082 04 - NÚMERO DE LA CLASIFICACIÓN DECIMAL DEWEY
Número de clasificación 378.72
Número de documento/Ítem C63
245 00 - MENCIÓN DE TÍTULO
Título Cobertura de la educación superior en México :
Resto del título tendencias, retos y perspectivas
Mención de responsabilidad, etc. /por Manuel Gil Antón ...[et al.]
300 ## - DESCRIPCIÓN FÍSICA
Extensión 286 p. :
Otras características físicas cuadros, gráfs. + 1 CD (4 3/4 plg.)
490 ## - MENCIÓN DE SERIE
Mención de serie Colección documentos
650 14 - PUNTO DE ACCESO ADICIONAL DE MATERIA--TÉRMINO DE MATERIA
Término de materia o nombre geográfico como elemento de entrada Educación superior.
650 14 - PUNTO DE ACCESO ADICIONAL DE MATERIA--TÉRMINO DE MATERIA
Término de materia o nombre geográfico como elemento de entrada Educación
Subdivisión general México.
9 (RLIN) 35466
700 0# - PUNTO DE ACCESO ADICIONAL--NOMBRE DE PERSONA
Nombre de persona Gil Antón, Manuel.
9 (RLIN) 47920
830 0# - PUNTO DE ACCESO ADICIONAL DE SERIE-TÍTULO UNIFORME
Título uniforme Colección documentos
9 (RLIN) 24828
942 ## - ELEMENTOS DE PUNTO DE ACCESO ADICIONAL (KOHA)
Tipo de ítem Koha Libro
Fuente del sistema de clasificación o colocación Dewey Decimal Classification
260 ## - PUBLICACIÓN, DISTRIBUCIÓN, ETC.
Lugar de publicación, distribución, etc. México, D.F. :
Nombre del editor, distribuidor, etc. ANUIES,
Fecha de publicación, distribución, etc. 2009
590 ## - NOTA LOCAL (RLIN)
Nota local BATCH-UPD
Procedencia (VM) [OBSOLETO] 10
Condición del los carretes individuales (VM) [OBSOLETO] 20130110
590 ## - NOTA LOCAL (RLIN)
Nota local BATCH-UPD
Procedencia (VM) [OBSOLETO] 10
Condición del los carretes individuales (VM) [OBSOLETO] 20130410
590 ## - NOTA LOCAL (RLIN)
Nota local BATCH-UPD
Procedencia (VM) [OBSOLETO] 10
Condición del los carretes individuales (VM) [OBSOLETO] 20130914
590 ## - NOTA LOCAL (RLIN)
Nota local CONVERSION
Procedencia (VM) [OBSOLETO] 10
Condición del los carretes individuales (VM) [OBSOLETO] 20130109
901 ## - ELEMENTOS DE DATOS A LOCAL LDA (RLIN)
a BK
911 ## - EQUIVALENCIA O REFERENCIA-CRUZADA-NOMBRE DE CONFERENCIA O REUNIÓN/CONGRESO [LOCAL, CANADÁ]
Nombre de congreso/reunión o jurisdicción como elemento de entrada en proceso
949 ## - PROCESAMIENTO DE INFORMACIÓN LOCAL (OCLC)
a 378.72 C63
b BC
c LIBRO
d 33724002113280
e LIBRO
h 110904
i 108338
s b
949 ## - PROCESAMIENTO DE INFORMACIÓN LOCAL (OCLC)
a 378.72 C63
b BC
c LIBRO
d 33724002114652
e LIBRO
f c.2
g I.c/e
h 110995
i 108338
s b
Holdings
Estado de retiro Estado de pérdida Fuente del sistema de clasificación o colocación Estado dañado Restricciones de uso No para préstamo Código de colección Localización permanente Ubicación/localización actual Ubicación en estantería Fecha de adquisición Fuente de adquisición Información codificada de la localización en otra ubicación Total de préstamos Signatura topográfica completa Código de barras Fecha visto por última vez Precio válido a partir de Tipo de ítem Koha Número de copia Nota pública
    Dewey Decimal Classification   Préstamo 15 días   General Biblioteca Central Biblioteca Central Planta alta - Colección General 31/12/2019 I.c/e LIBRO   378.72 C63 33724002113280 31/12/2019 31/12/2019 Libro    
    Dewey Decimal Classification   Préstamo 15 días   General Biblioteca Central Biblioteca Central Planta alta - Colección General 31/12/2019   LIBRO   378.72 C63 33724002114652 31/12/2019 31/12/2019 Libro c.2  
    Dewey Decimal Classification   Préstamo interno   Material multimedia Biblioteca Central Biblioteca Central Planta Principal - Área de préstamo - Mat. Multimedia 31/12/2019       378.72 C63 33724002588368 06/05/2024 31/12/2019 CD   Material complementario
    Dewey Decimal Classification   Préstamo interno   Material multimedia Biblioteca Central Biblioteca Central Planta Principal - Área de préstamo - Mat. Multimedia 31/12/2019       378.72 C63 336724002588356 06/05/2024 31/12/2019 CD c.2 Material complementario